| 000 | 00658nam a2200229 i 4500 | ||
|---|---|---|---|
| 008 | |||
| 020 | _a0632065060 (pbk.) | ||
| 049 | _aMAIN | ||
| 090 |
_aRF46 _bBUL |
||
| 100 | 1 | _aBull, P. D. | |
| 245 | 1 | 0 |
_aLecture notes on diseases of the ear, nose, and throat / _cP. D. Bull. |
| 250 | _a9th ed. | ||
| 260 |
_aOxford : _bBlackwell Scientific Publications, _c2002. |
||
| 300 |
_aix, 181 p. : _bcol. ill. ; _c21 cm. |
||
| 500 | _aIncludes index. | ||
| 650 | 0 | _aOtolaryngology. | |
| 907 |
_a.b10354177 _b28-01-15 _c28-01-15 |
||
| 003 | |||
| 005 | 20230120204146.0 | ||
| 040 | _cNUST | ||
| 942 |
_cBOOKS _kRF46 _mBUL |
||
| 999 |
_c118190 _d118190 |
||